UK QUIZ - Statistics

General Stats
  • This quiz has been taken 37 times
  • The average score is 6 of 14
Answer Stats
Hint Answer % Correct
Northern Irish city that ends with derry Londonderry
97%
queens oldest son Charles
86%
queens daughter Anne
74%
Home of Titanic Belfast
60%
Host of 2012 olympics london
57%
Englands most westerly point Lands End
51%
contains stone henge and Southampston Hampshire
49%
Queen of England who reigned for 9 days Lady Jane Grey
46%
Mother of Phil Mitchell Peggy
46%
Island city that gained independence in 1997 Hong Kong
23%
Macbeth was thane of Glamis and _____ Cawdor
9%
Home of the British slave trade and the Ostrich inn Bristol
6%
Kate and Will went to school here Marlborough
0%
river that flows through Shrewsbury Servern
0%
No matching quizzes found
Score Distribution
Percent of People with Each Score
Percentile by Number Answered
Your Score History
You have not taken this quiz